O tigre de ouro / (Record no. 56)

MARC details
000 -LÍDER
campo de controle de tamanho fixo 00992nam a2200277 4500
001 - NÚMERO DE CONTROLE
campo de controle 56
003 - IDENTIFICADOR DO NÚMERO DE CONTROLE
campo de controle OSt
005 - DATA E HORÁRIO DA ÚLTIMA TRANSAÇÃO
campo de controle 20250528074010.0
008 - CAMPO DE DADOS FIXOS--INFORMAÇÃO GERAL
campo de controle de tamanho fixo 250122b |||||||e |||| 00| 1 eng d
040 ## - FONTE DA CATALOGAÇÃO
Idioma da catalogação por
041 ## - CÓDIGO DE IDIOMA
Código do idioma do original e/ou traduções intermediárias do texto eng
Código do idioma do texto/trilha sonora ou título diferente por
082 ## - CDD - CLASSIFICAÇÃO DECIMAL DE DEWEY
Número de Classificação 813
Número do exemplar B627t
100 1# - ENTRADA PRINCIPAL--NOME PESSOAL
Nome pessoal Black, Jonathan,
Datas associadas ao nome 1955-
9 (RLIN) 150
240 ## - TÍTULO UNIFORME
Título uniforme Ride the golden tiger
245 ## - TÍTULO
Título O tigre de ouro /
Indicação de responsabilidade, etc. Black, Jonathan ; Tradução de Aurea Weissenberg
260 ## - PUBLICAÇÃO, DISTRIBUIÇÃO, ETC.
Local de publicação, distribuição, etc. Rio de Janeiro
Nome do editor, distribuidor, etc. Record
Data da publicação, distribuição, etc. 1976
300 ## - DESCRIÇÃO FÍSICA
Extensão 263 p.
520 ## - NOTA DE RESUMO, ETC.
Resumo, etc. Idade de ouro símbolo de poder, riqueza, prestígio. O derradeiro afrodisíaco. Agora, os suprimentos do mundo são controlados por algumas firmas muito poderosas chefiadas por um punhado de homens extremamente ricos. E mesmo eles podem ficar ainda mais gananciosos.
650 #0 - ASSUNTO--TERMO TÓPICO
Cabeçalho tópico ou nome geográfico Literatura Americana
9 (RLIN) 84
650 #0 - ASSUNTO--TERMO TÓPICO
Cabeçalho tópico ou nome geográfico Corrupção
9 (RLIN) 151
650 #0 - ASSUNTO--TERMO TÓPICO
Cabeçalho tópico ou nome geográfico Politica
9 (RLIN) 138
655 #0 - TERMO DE ÍNDICE--GÊNERO E FORMA
Gênero/forma/ou termo foco Romance
655 #0 - TERMO DE ÍNDICE--GÊNERO E FORMA
Gênero/forma/ou termo foco Ficção
700 ## - ENTRADA ADICIONADA - NOME PESSOAL
Nome pessoal Aurea Weissenberg
Função do autor por extenso Tradutor
9 (RLIN) 153
942 ## - ELEMENTOS DE ENTRADA ADICIONADOS (KOHA)
Fonte de classificação ou esquema de arquivamento Classificação decimal de Dewey
Ocultar no OPAC Não
Tipo de material Koha Livros
Holdings
Situação do descarte Situação das perdas Fonte de classificação ou esquema de arquivamento Status danificado Não pode ser emprestado Coleção Biblioteca de origem Biblioteca atual Localização na estante Data de aquisição Fonte de aquisição Total de empréstimos Número de chamada completo Código de barras Data de último acesso Data do preço efetivo Tipo de material Koha
    Classificação decimal de Dewey     Ficção Biblioteca Professor Eduardo Afonso de Castro Biblioteca Professor Eduardo Afonso de Castro Literatura Estrangeira 08.01.2014 doação   813 / B627t 2025-4509 22.01.2025 22.01.2025 Livros

Powered by Koha